<?xml version="1.0" encoding="UTF-8"?><?xml-stylesheet type="text/xsl" href="static/style.xsl"?><OAI-PMH xmlns="http://www.openarchives.org/OAI/2.0/" xmlns:xsi="http://www.w3.org/2001/XMLSchema-instance" xsi:schemaLocation="http://www.openarchives.org/OAI/2.0/ http://www.openarchives.org/OAI/2.0/OAI-PMH.xsd"><responseDate>2026-04-17T13:56:45Z</responseDate><request verb="GetRecord" identifier="oai:www.recercat.cat:10256/13990" metadataPrefix="marc">https://recercat.cat/oai/request</request><GetRecord><record><header><identifier>oai:recercat.cat:10256/13990</identifier><datestamp>2024-06-13T09:38:18Z</datestamp><setSpec>com_2072_452955</setSpec><setSpec>com_2072_2054</setSpec><setSpec>col_2072_453035</setSpec></header><metadata><record xmlns="http://www.loc.gov/MARC21/slim" xmlns:dcterms="http://purl.org/dc/terms/" xmlns:xsi="http://www.w3.org/2001/XMLSchema-instance" xmlns:doc="http://www.lyncode.com/xoai" xsi:schemaLocation="http://www.loc.gov/MARC21/slim http://www.loc.gov/standards/marcxml/schema/MARC21slim.xsd">
   <leader>00925njm 22002777a 4500</leader>
   <datafield ind2=" " ind1=" " tag="042">
      <subfield code="a">dc</subfield>
   </datafield>
   <datafield ind2=" " ind1=" " tag="720">
      <subfield code="a">Merino i Noé, Jordi</subfield>
      <subfield code="e">author</subfield>
   </datafield>
   <datafield ind2=" " ind1=" " tag="260">
      <subfield code="c">2016</subfield>
   </datafield>
   <datafield ind2=" " ind1=" " tag="520">
      <subfield code="a">The recent crisis of the capitalistic economic system has altered the working conditions and&#xd;
occupations in the European Union. The recession situation has accelerated trends and has brought&#xd;
transformations that have been observed before. Changes have not looked the same way in all the&#xd;
countries of the Union. The social occupation norms, labour relations models and the type of global&#xd;
welfare provision can help underline some of these inequalities. Poor working conditions can expose&#xd;
workers to situations of great risk. This is one of the basic assumptions of the theoretical models and&#xd;
analytical studies of the approach to the psychosocial work environment. Changes in working&#xd;
conditions of the population seems to be important to explain in the worst health states. To observe&#xd;
these features in the current period of economic recession it has made a comparative study of trend&#xd;
through the possibilities of the European Working Conditions Survey in the 2005 and 2010 editions.&#xd;
It has also set different multivariate logistic regression models to explore potential partnerships with the worst conditions of employment and work. It seems that the economic crisis has intensified&#xd;
changes in working conditions and highlighted the effects of those conditions on the poor health of&#xd;
the working population. This conclusion can’t be extended for all EU countries; some differences&#xd;
were observed in terms of global welfare models</subfield>
   </datafield>
   <datafield ind2=" " ind1=" " tag="520">
      <subfield code="a">El objetivo de este estudio fue observar si habían empeorado las condiciones de trabajo y&#xd;
de empleo en la población asalariada de la UE a raíz de la última crisis socioeconómica, así como la&#xd;
relación de éstas condiciones con el estado de salud. Se realizó un estudio de tendencia a través de la&#xd;
European Working Conditions Survey comparada con la Labour Force Survey. Además, se ajustaron&#xd;
modelos de regresión logística para explorar asociaciones de las peores condiciones con la salud,&#xd;
considerando el trabajo reproductivo, el sexo y edad. Los principales resultados indicaron que se&#xd;
habían intensificado algunos cambios en las condiciones de empleo en países con regímenes de&#xd;
bienestar sureños y anglosajones. Las peores condiciones se asociaron con el mal estado de salud con&#xd;
importantes desigualdades de género. La norma social de ocupación y el tipo de provisión global del&#xd;
bienestar pueden ayudar a interpretar algunas de estas observaciones</subfield>
   </datafield>
   <datafield ind1="8" ind2=" " tag="024">
      <subfield code="a">http://hdl.handle.net/10256/13990</subfield>
   </datafield>
   <datafield tag="653" ind2=" " ind1=" ">
      <subfield code="a">Salut en el treball</subfield>
   </datafield>
   <datafield tag="653" ind2=" " ind1=" ">
      <subfield code="a">Industrial hygiene</subfield>
   </datafield>
   <datafield tag="653" ind2=" " ind1=" ">
      <subfield code="a">Igualtat entre els sexes</subfield>
   </datafield>
   <datafield tag="653" ind2=" " ind1=" ">
      <subfield code="a">Treball -- Aspectes socials</subfield>
   </datafield>
   <datafield tag="653" ind2=" " ind1=" ">
      <subfield code="a">Work -- Social aspects</subfield>
   </datafield>
   <datafield ind2="0" ind1="0" tag="245">
      <subfield code="a">Empeoramiento de las condiciones de empleo y trabajo en los primeros años de la crisis socioeconómica: relevancia y efectos sobre la salud de la población asalariada europea = The Worsening of the employment and work conditions and its relationship to the self-perceived health in European working population: relevance and effects of the latest socioeconomic crisis</subfield>
   </datafield>
</record></metadata></record></GetRecord></OAI-PMH>